| 000 | 00352cam a22001337a 4500 | ||
|---|---|---|---|
| 008 | 180718b2004 xxu||||| |||| 00| 0 eng d | ||
| 020 | _a81 8143 214 2 | ||
| 082 | _aB2x54 D536 | ||
| 100 | _aDhermveer | ||
| 245 |
_aDr. ambedker ke prashasanik vichar _cby Dhermveer |
||
| 260 |
_aNew Delhi _bVani Prakashan _c2004 |
||
| 300 | _a146p. | ||
| 650 | _aAmbedker | ||
| 999 |
_c439091 _d439091 |
||